| 000 | 00915cam a2200205 a 4500 | ||
|---|---|---|---|
| 999 |
_c5763 _d5763 |
||
| 020 | _a9789988118174 | ||
| 020 | _a9988118171 | ||
| 050 | 0 | 0 |
_aHN832.M84 _bAd9 |
| 100 | 1 | _aAwedoba, A. K. | |
| 245 | 1 | 0 |
_aCultural sensitivity and programming : _bthe case of Government of Ghana-UNFPA 5th country programme 2006-2010 / _c[principal author, A.K. Awedoba ; principal editor, Mary Esther Kropp Dakubu]. |
| 260 |
_aTeshie, Accra, Ghana : _bChasglo Print Services, _c2008. |
||
| 300 |
_aiii, 116 p. ; _c25 cm. |
||
| 500 | _a"November 2008." | ||
| 505 | _aIntroduction 2. Cultural Analysis of the target regions 3. Findings answers to UNFPA'S questions 4. Notes on community stakeholders and leadership 5. Concluding remarks on ambivalence and ambiguities | ||
| 650 | 0 | _aMulticulturalism | |
| 650 | 0 | _aCultural pluralism | |
| 700 | 1 | _aKropp Dakubu, M. E. | |
| 710 | 2 | _aUnited Nations Population Fund. | |
| 942 | _cBK | ||